Python : (Record no. 542)
[ view plain ]
| 000 -LEADER | |
|---|---|
| fixed length control field | 01579nac a22002531u 4500 |
| 008 - FIXED-LENGTH DATA ELEMENTS--GENERAL INFORMATION | |
| fixed length control field | 100506s2002 n |||||r|||| 00| 0 eng d |
| 010 ## - LIBRARY OF CONGRESS CONTROL NUMBER | |
| LC control number | 2002280297 |
| 020 ## - INTERNATIONAL STANDARD BOOK NUMBER | |
| International Standard Book Number | 0130923613 (pbk.) |
| 020 ## - INTERNATIONAL STANDARD BOOK NUMBER | |
| International Standard Book Number | 0130925578 (CD-ROM) |
| 035 ## - SYSTEM CONTROL NUMBER | |
| System control number | (OCoLC)ocm49216396 |
| 082 00 - DEWEY DECIMAL CLASSIFICATION NUMBER | |
| Classification number | 005.133 |
| Item number | PYT |
| Edition number | 22 |
| 100 ## - MAIN ENTRY--PERSONAL NAME | |
| Personal name | 20080729 |
| 9 (RLIN) | 13828 |
| 245 00 - TITLE STATEMENT | |
| Title | Python : |
| Remainder of title | how to program / |
| Statement of responsibility, etc | H.M. Deitel ... [et al.]. |
| 246 1# - VARYING FORM OF TITLE | |
| Title proper/short title | Introducing XML |
| 260 ## - PUBLICATION, DISTRIBUTION, ETC. (IMPRINT) | |
| Place of publication, distribution, etc | Upper Saddle River, N.J. : |
| Name of publisher, distributor, etc | Prentice Hall, 2002 |
| Date of publication, distribution, etc | 2002. |
| 300 ## - PHYSICAL DESCRIPTION | |
| Extent | lviii, 1292 p. : |
| Other physical details | ill. (some col.) ; |
| Dimensions | 24 cm. + |
| Accompanying material | 1 CD-ROM (4 3/4 in.) |
| 490 ## - Series Statement | |
| Series statement | How to program series |
| -- | 13831 |
| 504 ## - BIBLIOGRAPHY, ETC. NOTE | |
| Bibliography, etc | Includes bibliographical references (p. [1251]-1252) and index. |
| 505 8# - FORMATTED CONTENTS NOTE | |
| Formatted contents note | CD-ROM contents: Alice 99 interactive 3D graphics programming system -- Python 2.2 (Windows/Linux) -- Apache web server 1.3.22 / from the Apache Software Foundation -- Webware 0.6 for Python (Windows/Linux) -- Pixo Internet microbrowser 2.1 -- IBM WebSphere voice server SDK 2.0 for Windows 2000 for evaluation. |
| 538 ## - SYSTEM DETAILS NOTE | |
| System details note | System requirements for accompanying CD-ROM: Pentium 166 MHz or faster processor (366 MHz (or higher) required for WebSphere Voice Server for Windows 2000); 64 MHz RAM (128 MHz for NT/2000); Windows 9x, Windows NT (or later) (some software packages require particular versions of Windows), or Red Hat Linux 6.2 (or later); 32 MB (48 MB recommended); CD-ROM drive; Internet connection. |
| 650 #0 - SUBJECT ADDED ENTRY--TOPICAL TERM | |
| Topical term or geographic name as entry element | Python (Computer program language) |
| 9 (RLIN) | 13829 |
| 700 1# - ADDED ENTRY--PERSONAL NAME | |
| Personal name | Deitel, Harvey M., |
| Dates associated with a name | 1945- |
| 9 (RLIN) | 13830 |
| 942 ## - ADDED ENTRY ELEMENTS (KOHA) | |
| Item type | Book - Borrowing |
| Call number prefix | 005.133D325 |
| Source of classification or shelving scheme | Dewey Decimal Classification |
| Withdrawn status | Item status | Source of classification or shelving scheme | Damaged status | Not for loan | Vendor | Home library | Current library | Shelving location | Date acquired | Source of acquisition | Cost, normal purchase price | Total Checkouts | Total Renewals | Full call number | Barcode | Date last seen | Date last borrowed | Cost, replacement price | Koha item type |
|---|---|---|---|---|---|---|---|---|---|---|---|---|---|---|---|---|---|---|---|
| Dewey Decimal Classification | Central Library | Central Library | Lower Floor | 17/07/2006 | 425.00 | 9 | 55 | 005.133 PYT | 000004077 | 15/07/2025 | 27/10/2019 | 531.25 | Book - Borrowing | ||||||
| Dewey Decimal Classification | Central Library | Central Library | Lower Floor | 06/05/2010 | 425.00 | 2 | 005.133 PYT | 000020807 | 24/08/2022 | 24/02/2019 | 531.25 | CD | DVD - With book |